| 000 | 00377nam a22001577a 4500 | ||
|---|---|---|---|
| 003 | SGT | ||
| 020 | _a9789351526735 | ||
| 082 |
_a615 _bP16S |
||
| 100 | _aSHARMA, SURESH K. | ||
| 245 | _aTB OF PHARMACOLOGY, PATHOLOGY & GENETICS FOR NURSES VOLUME-1 | ||
| 250 | _a1ST | ||
| 260 |
_aINDIA _bJAYPEE PUB _c2016 |
||
| 300 | _a549 | ||
| 650 | _aPHARMACOLOGY | ||
| 942 |
_2ddc _cBK _0215 |
||
| 999 |
_c21907 _d21907 |
||